banner-ar

الفكر السياسى فى المغرب والأندلس : (Record no. 67604)

MARC details
000 -الفاتح
حقل البيانات ثابتة الطول 01001nam a2200229Ia 4500
005 - وقت وتاريخ اخر تعامل مع التسجيلة
رقم الضبط 20250622124033.0
008 - عناصر البيانات ثابتة الطول - معلومات عامة
حقل البيانات ثابتة الطول 250617s9999||||xx |||||||||||||| ||ara||
017 ## - رقم الايداع القانونى
رقم الايداع القانونى 2024/22648
المصدر ( الهيئة المختصة) مصر. دار الكتب
020 ## - الرقم الدولى المعيارى للكتب
الرقم الدولى المعيارى للكتاب 9789773445737
082 04 - رقم تصنيف ديوى العشرى
رقم التصنيف "219,3"
رقم المادة ع ف
100 0# - المدخل الرئيسى - إسم شخصى
الإسم الشخصى عادل يحيى عبد المنعم
245 10 - بيان العنوان
العنوان الفكر السياسى فى المغرب والأندلس :
بقية العنوان سلوانات الفقهاء والعلماء فى نصح الحكام والأمراء /
بيان المسئوليه,etc تأليف عادل يحيى عبد المنعم
250 ## - بيان الطبعة
بيان الطبعة ط1
260 3# - PUBLICATION, DISTRIBUTION, ETC. (IMPRINT)
تاريخ النشر أو التوزيع 2024.
300 ## - الوصف المادى
التعداد "243 ، [1ص] ؛"
تفاصيل ماديه اخرى للوعاء
أبعاد الوعاء 25سم.
650 ## - المدخل الاضافى بالموضوع-مصطلح موضوعى
مصطلح موضوعي الإصلاحات السياسية
التقسيم الفرعي الجغرافي الأندلس
650 ## - المدخل الاضافى بالموضوع-مصطلح موضوعى
مصطلح موضوعي الإصلاحات السياسية
التقسيم الفرعي الجغرافي المغرب
651 ## - المدخل الاضافى بالموضوع - اسم جغرافى
الاسم الجغرافي الأندلس
التقسيم الفرعي العام الأحوال السياسية
651 ## - المدخل الاضافى بالموضوع - اسم جغرافى
الاسم الجغرافي المغرب
التقسيم الفرعي العام الأحوال السياسية
942 ## - عناصر المدخل الإضافي( كوها)
Koha [default] item type كتاب
260 3# - PUBLICATION, DISTRIBUTION, ETC. (IMPRINT)
-- القاهرة :
-- "دار الآفاق العربية،"
Holdings
حالة التراجع حالة الفقد حالة تلف ليس للاعارة المكان المؤقت الموقع الحالى موقع الترفيف تاريخ الاكتساب اجمالي اﻻعارات تاريخ اخر مشاهدة تاريخ تفعيل السعر نوع وعاء كوها
        مكتبة القاهرة الكبرى مكتبة القاهرة الكبرى القاعة الرئيسية 06/22/2025   06/22/2025 06/22/2025 كتاب

Powered By

EGPV